000 00499nam a2200181Ia 4500
005 20250326140806.0
008 250326s9999 xx 000 0 und d
037 _aTextbook
040 _aFMSL
_beng
_cFMSL
041 _aeng
_2eng
084 _aX:51 N1
_qFMSL
100 _aManoria C B
_9743063
245 0 _aMarketing management
_cManoria C B; Mamoria S
260 _aAllahabad
_bAllahabad, Kitab Mahal
_c1991
300 _a641p
942 _cTB
_hX:51 N1
999 _c1287304
_d1287304